000 00764nam a2200241Ia 4500
003 OSt
005 20241109133848.0
008 210716s2012 xx 000 0 und d
020 _a9788120337299
040 _cAIMIT LIBRARY
041 _aeng
082 _a651.7
_21
_bDEBS
100 _aDebasish, Sathya Swaroop.
_9184817
245 _aBusiness communication /
_cBy Sathya Swaroop Debasish and Bhagaban Das.
250 _a1st ed.
260 _aNew Delhi :
_bPHI Learning Pvt Ltd ,
_c2012.
300 _axv,331p. ;
_bPB
_c24.5 cm
650 _aBasics of communication
_9184818
650 _aOral and non-verbal communication
_9184819
650 _aWritten communication
_9184820
700 _aDas, Bhagaban.
_9184821
942 _2ddc
_cBK
_e1st ed.
_k651.7 DEBS
999 _c208267
_d208267